La Eneida (Registro nro. 3071)

Detalles MARC
000 -CABECERA
Longitud fija campo de control 01231nam a2200349Ia 4500
005 - • FECHA Y HORA DE LA ÚLTIMA TRANSACCIÓN
Fecha y hora de la última transacción 20220317000100.0
008 - • CÓDIGOS DE INFORMACIÓN DE LONGITUD FIJA
Códigos de información de longitud fija 141031s2011 ck a gs 000 p spa d
020 ## - • NÚMERO INTERNACIONAL NORMALIZADO PARA LIBROS
Número Internacional Normalizado para Libros (ISBN) 9789583001185
040 ## - FUENTE DE LA CATALOGACIÓN
Centro catalogador de origen CO-BoRNBP
Lengua de catalogación spa
Centro transcriptor CO-BoRNBP
Normas de descripción rda
084 ## - • Clasificación Local Alfanúmerica PNLB
Número de clasificación P VIR1
100 1# - • PUNTO DE ACCESO PRINCIPAL-NOMBRE DE PERSONA
Nombre de persona Virgilio Marón, Publio
Fechas asociadas al nombre 70-19 a.c
245 13 - • TITULO PROPIAMENTE DICHO
Título La Eneida
Mención de responsabilidad, etc. Publio Virgilio Marón ; ilustraciones Natividad Murillo V
250 ## - • MENCIÓN DE EDICIÓN
Mención de edición Quinta edición
264 ## - PRODUCCIÓN, PUBLICACIÓN , DISTRIBUCIÓN, FABRICACIÓN Y COPYRIGHT
Lugar de producción, publicación, distribución, fabricación Bogotá
Nombre del productor, editor, distribuidor, fabricante Panamericana
Fecha de de producción, publicación, distribución, fabricación o copyright 2011
300 ## - • DESCRIPCIÓN FÍSICA
Extensión 325 páginas
Otras características físicas ilustraciones en blanco y negro
Dimensiones 23 cm
336 ## - TIPO DE CONTENIDO
Término de tipo de contenido texto
Código de tipo de contenido txt
Fuente rdacontent
337 ## - TIPO DE MEDIO
Nombre del tipo de medio sin mediación
Código del tipo de medio n
Fuente rdamedia
338 ## - TIPO DE SOPORTE
Nombre del tipo de soporte volumen
Código del tipo de soporte nc
Fuente rdacarrier
500 ## - • NOTA GENERAL
Nota general Incluye índice
650 14 - • PUNTO DE ACCESO ADICIONAL DE MATERIA - TÉRMINO DE MATERIA
Término de materia o nombre geográfico como elemento inicial Poesia épica latina
Subdivisión cronológica Siglo I
Fuente del encabezamiento o término LEMB
650 14 - • PUNTO DE ACCESO ADICIONAL DE MATERIA - TÉRMINO DE MATERIA
Término de materia o nombre geográfico como elemento inicial Literatura épica latina
Subdivisión cronológica Siglo I
Fuente del encabezamiento o término LEMB
650 14 - • PUNTO DE ACCESO ADICIONAL DE MATERIA - TÉRMINO DE MATERIA
Término de materia o nombre geográfico como elemento inicial Dioses
Subdivisión de forma Poesía
Fuente del encabezamiento o término LEMB
650 14 - • PUNTO DE ACCESO ADICIONAL DE MATERIA - TÉRMINO DE MATERIA
Término de materia o nombre geográfico como elemento inicial Valores
Subdivisión de forma Poesía
Fuente del encabezamiento o término LEMB
650 14 - • PUNTO DE ACCESO ADICIONAL DE MATERIA - TÉRMINO DE MATERIA
Término de materia o nombre geográfico como elemento inicial Vida y muerte
Subdivisión de forma Poesía
Fuente del encabezamiento o término LEMB
650 14 - • PUNTO DE ACCESO ADICIONAL DE MATERIA - TÉRMINO DE MATERIA
Término de materia o nombre geográfico como elemento inicial Amor
Subdivisión de forma Poesía
Fuente del encabezamiento o término LEMB
650 14 - • PUNTO DE ACCESO ADICIONAL DE MATERIA - TÉRMINO DE MATERIA
Término de materia o nombre geográfico como elemento inicial Amistad
Subdivisión de forma Poesía
Fuente del encabezamiento o término LEMB
650 14 - • PUNTO DE ACCESO ADICIONAL DE MATERIA - TÉRMINO DE MATERIA
Término de materia o nombre geográfico como elemento inicial Sacrificios
Subdivisión de forma Poesía
Fuente del encabezamiento o término LEMB
700 1# - • PUNTO DE ACCESO ADICIONAL - NOMBRE DE PERSONA
Nombre de persona Silva Rincón, Gabriel,
Fechas asociadas al nombre 1955-
Término indicativo de función editor
700 1# - • PUNTO DE ACCESO ADICIONAL - NOMBRE DE PERSONA
Nombre de persona Herreño Ruiz, Carlos A.,
Término indicativo de función prologuista
700 1# - • PUNTO DE ACCESO ADICIONAL - NOMBRE DE PERSONA
Nombre de persona Murillo, Natividad,
Término indicativo de función ilustradora
942 ## - ENTRADA DE ELEMENTOS AGREGADOS (KOHA)
Fuente de clasificaión o esquema
Koha [por defecto] tipo de item Libro Literatura
Existencias
Perdido Fuente de clasificación o esquema Estado Físico No para préstamo Forma de adquisición Localización permanente Localización actual Localización en estanterías Fecha adquisición Préstamos totales Signatura completa Código de barras Fecha última consulta Número de copia Fecha del precio de reemplazo Tipo de item de Koha Serie de enumeración / cronolog&íacute;a Note pública Número de registro
  Dewey Decimal Classification     Colección General Biblioteca Pública Cubarral Biblioteca Pública Cubarral Literatura 08/02/2023   P VIR1 CUB01880 08/02/2023 Ej.1 08/02/2023 Libro Literatura      
  Dewey Decimal Classification     Colección General Biblioteca Pública Fuentedeoro - Henry Llanos García Biblioteca Pública Fuentedeoro - Henry Llanos García Literatura 08/03/2023   P VIR1 Fo01741 08/03/2023 Ej.1 08/03/2023 Libro Literatura      
  Dewey Decimal Classification     Colección General Biblioteca Pública San Carlos de Guaroa - Eduardo Carranza Biblioteca Pública San Carlos de Guaroa - Eduardo Carranza Literatura 01/24/2024   P VIR1 SG01340 01/24/2024 Ej.1 01/24/2024 Libro Literatura      
        Sala General Biblioteca Pública Departamental Eduardo Carranza - Villavicencio Biblioteca Pública Departamental Eduardo Carranza - Villavicencio General 08/20/2004   P VIR1 ECA16394 11/26/2024 Ej.1 11/26/2024 LIbro Vol.1 1084 | 1303  
  Dewey Decimal Classification     Colección General Biblioteca Pública Guamal Biblioteca Pública Guamal Literatura 02/07/2023   P VIR1 GUA000791 02/07/2023 Ej.1 02/07/2023 Libro Literatura      
  Dewey Decimal Classification     Colección General Biblioteca Pública La Macarena Biblioteca Pública La Macarena Literatura 10/11/2023   P VIR1 LM00542 10/11/2023 Ej.1 10/11/2023 Libro Literatura      
  Dewey Decimal Classification       Biblioteca Pública Mesetas - Franco lodo Poloxi Biblioteca Pública Mesetas - Franco lodo Poloxi Literatura 12/09/2024   P VIR1 ME000710 12/09/2024 Ej.1 12/09/2024 Libro Literatura     9789583001185









Instituto Departamental de Cultura del Meta - Red Departamental de Bibliotecas Públicas del Meta.